00823nam a22002177a 450000500170000001000150001702000270003203500140005903700090007308200130008210000270009524500950012225000060021726000310022327000800025430000270033470000360036194200270039799900190042495201620044320250114144117.0 aENG-143392 c3695.00a9789395116954 aEN-126924 bDBAD a347.5407 aDevi, V S Rama 97654500aHow India Votes:bElection Laws, Practice and Procedurecby V S Rama Devi & S K Mendiratta a5 aGurgaonbLexis Nexisc2024 a14th Floor, Bldg. No.10, Tower-B, DLF Cyber City, Phase-IIbGurgaone122002 acxxiv,1804p.c24cm(Hb) aMendiratta, S K eAuthor976544 2ddccENmDEVh342.5407 c208473d208473 001040718REFaDBADbDBADd2025-01-14eDelivery of Books Act Divisiong3695.00l0oDEV 342.5407pEN-126924r2025-01-14 00:00:00t1v3695.00w2025-01-14yEN